| 000 | 01906nam a22002777a 4500 | ||
|---|---|---|---|
| 999 |
_c59660 _d59660 |
||
| 003 | Ge_BSU | ||
| 005 | 20230330102149.0 | ||
| 008 | 230330s2020 ge ||||| |||| 00| 0 geo d | ||
| 020 | _a9789941088759 | ||
| 041 | _ageo | ||
| 080 | _a28–24 თ-68 | ||
| 245 |
_aშუამავალთა ჯაჭვი - 2 : _bყურანის შუქის ქვეშ / _cთარგმნა ნინო ჩოგაძემ ; მთავარი რედაქტორი ზურაბ მიქელაძე ; თეოლოგიური რედაქტორი გელა გოგიტიძე. |
||
| 264 |
_aბათუმი : _bერქამი, _c2020. |
||
| 300 |
_a352 გვ. ; _b24 სმ. |
||
| 500 | _aწიგნი გამოცემულია საქართველოს ახალგაზრდებზე დახმარების ასოციაციის მიერ, სრულიად საქართველოს მუსლიმთა სამმართველოს რეკომენდაციით. | ||
| 653 | _aყურანი | ||
| 653 | _aისლამის შუამავალთა ცხოვრება | ||
| 653 | _aისლამის მოციქულთა ცხოვრება | ||
| 653 | _aმუსულმან წმინდანთა ცხოვრება | ||
| 700 |
_aჩოგაძე, ნინო _eმთარგმნელი. _917362 |
||
| 700 |
_aმიქელაძე, ზურაბ _eრედაქტორი _917363 |
||
| 700 |
_aშანთაძე, ადამ _eრედაქტორი _917353 |
||
| 700 |
_aგელაძე, მიხეილ და სხვ. _917364 |
||
| 700 |
_aგოგიტიძე, გელა _eთეოლოგიური რედაქტორი _917365 |
||
| 942 |
_2udc _cBK |
||